| 000 | 00665nam a2200193 a 4500 | ||
|---|---|---|---|
| 001 | 2114 | ||
| 003 | CDMR | ||
| 005 | 20131128163616.0 | ||
| 008 | 130130s1985||||||||||||||||||||||||||||d | ||
| 040 |
_aCDMR _bcat _cCDMR |
||
| 100 | 1 |
_aCarrillo, Marc _9335 |
|
| 245 | 1 | 3 |
_aLa libertad de prensa en la Constitución española de 1978 _cMarc Carrillo López |
| 260 |
_aBarcelona _c1985 |
||
| 300 | _a508 p. | ||
| 502 |
_aTesi dirigida per Jordi Solé Tura i presentada el 16 de maig de 1985 a la _cFacultat de Dret de la Universitat de Barcelona |
||
| 650 | 0 | 4 |
_94150 _aLlibertat d'impremta _zEspanya |
| 650 | 0 | 4 |
_94383 _aPremsa _xDret i legislació _zEspanya |
| 942 |
_cTSN _2udc |
||
| 999 |
_c2114 _d2114 |
||